ՀՀ Գիտությունների ազգային ակադեմիայի հիմնարար գիտական գրադարան  =   Fundamental Scientific Library of NAS RA

Полное собрание сочинений : (Record no. 319761)

MARC details
000 -LEADER
fixed length control field 01342nam a2200205 a 4500
001 - CONTROL NUMBER
control field 000948073
003 - CONTROL NUMBER IDENTIFIER
control field AM-YeHGA
005 - DATE AND TIME OF LATEST TRANSACTION
control field 20250617145850.0
008 - FIXED-LENGTH DATA ELEMENTS--GENERAL INFORMATION
fixed length control field 130225s ||| r 000 0 rus d
040 ## - CATALOGING SOURCE
Original cataloging agency AM-YeHGA
041 0# - LANGUAGE CODE
Language code of text/sound track or separate title rus
090 ## - LOCALLY ASSIGNED LC-TYPE CALL NUMBER (OCLC); LOCAL CALL NUMBER (RLIN)
-- 321496
100 1# - MAIN ENTRY--PERSONAL NAME
Personal name Фигнер, Вера Николаевна
245 10 - TITLE STATEMENT
Title Полное собрание сочинений :
Remainder of title В 7 томах /
Statement of responsibility, etc. Вера Фигнер.
250 ## - EDITION STATEMENT
Edition statement 2-е, пересмотр., доп. и испр. изд.
260 ## - PUBLICATION, DISTRIBUTION, ETC.
Place of publication, distribution, etc. Москва :
Name of publisher, distributor, etc. Изд-во Всесоюз. о-ва политкаторжан и ссыльно-поселенцев.
300 ## - PHYSICAL DESCRIPTION
Extent 7 т.
505 00 - FORMATTED CONTENTS NOTE
Miscellaneous information Т. 1 (1932; 400 с.: [5] л. ил.) :
Title Запечатленный труд (ч. 1);
Miscellaneous information Т. 2 (1932; 289 с.: [6] л. ил.) :
Title Запечатленный труд (ч. 2): Когда часы жизни остановились;
Miscellaneous information Т. 3 (1932; 480 с.: [5] л. ил.) :
Title После Шлиссельбурга;
Miscellaneous information Т. 4 (1932; 313 с.: [5] л. ил.) :
Title Шлиссельбургские узники. Стихотворения;
Miscellaneous information Т. 5 (1932; 502 с.: [5] л. ил.) :
Title Очерки. Статьи. Речи;
Miscellaneous information Т. 6 (1932; 402 с.: [5] л. ил.) :
Title Письма;
Miscellaneous information Т. 7 (1932; 343 с.: портр.; [5] л. ил.) :
Title Письма
653 0# - INDEX TERM--UNCONTROLLED
Uncontrolled term Русская литература
Holdings
Withdrawn status Lost status Source of classification or shelving scheme Damaged status Not for loan Collection Home library Current library Date acquired Serial enumeration / chronology Total checkouts Full call number Barcode Date last seen Price effective from Koha item type Public note
    Universal Decimal Classification     General Fundamental Scientific Library Fundamental Scientific Library 09/01/2017 Т. 1   PII/489091 FL0254974 09/01/2017 09/01/2017 Գրքեր / Books 30 Days Loan
    Universal Decimal Classification     General Fundamental Scientific Library Fundamental Scientific Library 09/01/2017 Т. 2   PII/489092 FL0254975 09/01/2017 09/01/2017 Գրքեր / Books 30 Days Loan
    Universal Decimal Classification     General Fundamental Scientific Library Fundamental Scientific Library 09/01/2017 Т. 4   PII/489093 FL0254976 09/01/2017 09/01/2017 Գրքեր / Books 30 Days Loan
    Universal Decimal Classification     General Fundamental Scientific Library Fundamental Scientific Library 09/01/2017 Т. 5   PII/489094 FL0254977 09/01/2017 09/01/2017 Գրքեր / Books 30 Days Loan
    Universal Decimal Classification     General Fundamental Scientific Library Fundamental Scientific Library 09/01/2017 Т. 6   PII/489095 FL0254978 09/01/2017 09/01/2017 Գրքեր / Books 30 Days Loan
    Universal Decimal Classification     General Fundamental Scientific Library Fundamental Scientific Library 09/01/2017 Т. 7   PII/489096 FL0254979 09/01/2017 09/01/2017 Գրքեր / Books 30 Days Loan
    Universal Decimal Classification     General Fundamental Scientific Library Fundamental Scientific Library 09/01/2017 Т. 3   PII/490074 FL0257359 09/01/2017 09/01/2017 Գրքեր / Books 30 Days Loan


ՀՀ ԳԱԱ հիմնարար գիտական գրադարան
ՀՀ,Երևան 0019
Մարշալ Բաղրամյան 24/6
հեռախոս:(374-10) 52-47-50
Հետադարձ կապ

All site content, except where otherwise noted, is licensed under a
Creative Commons License